000 00239nam a2200097Ia 4500
001 1204329
005 20250827022726.0
008 250824s9999 xx 000 0 und d
245 0 _aVOLKANA YOLCULUK
_cTONY ABBOTT
260 _bALTIN KİTAPLAR
999 _c1204329
_d1204329